000 01109naa a22002897a 4500
001 BR9401452
003 BR-BrBNA
005 20250721155454.0
007 ta
008 250630b bl.|||m| |||| 00| 0 por d
040 _aBR-BrBNA
_bpor
_cBiblioteca Nacional de Agricultura
041 _a(Pt)
072 _aP10
_b0150
090 _aP10 BR9401452
100 1 _aLima, M.G. de
100 1 _aCosta, E.F. da
100 1 _aSoares, Z.F.L.
111 1 _a6. Seminario de Pesquisa Agropecuaria do Piaui
_cTeresina, PI (Brazil)
_d09-11 Oct 1990
245 1 _aDemanda de agua pela cultura do arroz metica 1
500 _a6. Seminario da Pesquisa Agropecuaria do Piaui. Anais Teresina, PI (Brasil): 1992. p. 197-206 [12 ref.; Summary (Pt)] (BR9401452-AMS)
773 0 _t6. Seminario da Pesquisa Agropecuaria do Piaui. Anais
_wP10 BR9401452
_gTeresina, PI (Brasil), 1992. p. 197-206
650 _aArroz
650 _aEvapotranspiracao
490 _aDocumentos - Unidade de Execucao de Pesquisa de Ambito Estadual de Teresina (Brazil)
_vno. 11
942 _cAMS
_2AGRIS
909 _a202506
_bLúcia
_c55
_dLúcia Elande
999 _c336684
_d336684